书目信息 |
| 题名: |
临床心脏生理学
|
|
| 作者: | 瓦萨尔 , Vassale 著 ;何瑞荣 , 付绍萱 译 | |
| 分册: | ||
| 出版信息: | 北京 人民卫生出版社 1978 |
|
| 页数: | 219页 | |
| 开本: | 20cm | |
| 丛书名: | ||
| 单 册: | ||
| 中图分类: | R331.3 | |
| 科图分类: | ||
| 主题词: | 人体生理学-心脏 , 心脏-人体生理学 | |
| 电子资源: | ||
| ISBN: | ||
| 000 | 00879nam0 2200289 450 | |
| 001 | 1537587098 | |
| 005 | 20150131102652.65 | |
| 010 | @dCNY0.68 | |
| 091 | @a14048.3649 | |
| 100 | @a19950803d1978 em y0chiy0110 ea | |
| 101 | 1 | @achi@ceng |
| 102 | @aCN@b110000 | |
| 105 | @ay z 000yy | |
| 200 | 1 | @a临床心脏生理学@9lin chuang xin zang sheng li xue@f(美)瓦萨尔(M.Vassale)等著@g何瑞荣,付绍萱译 |
| 210 | @a北京@c人民卫生出版社@d1978 | |
| 215 | @a219页@d20cm | |
| 300 | @a书名原文:Cardiae physiology for the clinician | |
| 510 | 1 | @aCardiae physiology for the clinician@zeng |
| 606 | 0 | @a人体生理学-心脏 |
| 606 | 0 | @a心脏-人体生理学 |
| 690 | @aR331.3@v5 | |
| 701 | 1 | @a瓦萨尔@9wa sa er@bM.@4著 |
| 701 | 1 | @aVassale@bM.@4著 |
| 702 | 0 | @a何瑞荣@9he rui rong@4译 |
| 702 | 0 | @a付绍萱@9fu shao xuan@4译 |
| 801 | 0 | @aCN@bTSSF@c20150131 |
| 905 | @aZUCC@dR331.3@eJY78 | |
| 临床心脏生理学/(美)瓦萨尔(M.Vassale)等著/何瑞荣,付绍萱译.-北京:人民卫生出版社,1978 |
| 219页;20cm |
| 书名原文:Cardiae physiology for the clinician |
| ISBN :CNY0.68 |
| ● |
| 相关链接 |
|
|
|
|
正题名:临床心脏生理学
索取号:R331.3/JY78
 
预约/预借
| 序号 | 登录号 | 条形码 | 馆藏地/架位号 | 状态 | 备注 |
| 1 | 7862563 | 278625631 | 学院路分馆/ [索取号:R331.3/JY78] | 在馆 |